Central Library OPAC University of Rajshahi

An essay concerning human understanding / (Record no. 30056)

MARC details
000 -LEADER
fixed length control field 00695nam a22002297a 4500
001 - CONTROL NUMBER
control field 30056
003 - CONTROL NUMBER IDENTIFIER
rucl marc code BD-RjUL
005 - DATE AND TIME OF LATEST TRANSACTION
control field 20211209051514.0
008 - FIXED-LENGTH DATA ELEMENTS--GENERAL INFORMATION
fixed length control field 140408s1961 enk||||| |||| 00| 0 eng d
035 ## - SYSTEM CONTROL NUMBER
System control number (BD-RjUL)30141
040 ## - CATALOGING SOURCE
Original cataloging agency BD-RjUL
Language of cataloging eng
Transcribing agency BD-RjUL
Modifying agency BD-RjUL
041 ## - LANGUAGE CODE
Language code of text/sound track or separate title eng
082 04 - DEWEY DECIMAL CLASSIFICATION NUMBER
Edition number 16
Classification number 192
Author mark and year LOE V-1 1961
100 1# - MAIN ENTRY--PERSONAL NAME
Personal name Locke, John
9 (RLIN) 91420
245 12 - TITLE STATEMENT
Title An essay concerning human understanding /
Statement of responsibility, etc. by John Locke
Number of part/section of a work Vol-1
260 ## - PUBLICATION, DISTRIBUTION, ETC. (IMPRINT)
Place of publication, distribution, etc. London ;
-- New York :
Name of publisher, distributor, etc. J.M. dent & sons ;
-- E.P. dutton & co.,
Date of publication, distribution, etc. 1961.
300 ## - PHYSICAL DESCRIPTION
Pagination xxiii, 341p. ;
Size 18cm.
490 #0 - SERIES STATEMENT
Series statement Doverbooks T530-T531
650 #0 - SUBJECT ADDED ENTRY--TOPICAL TERM
Topical term or geographic name as entry element Knowledge, Theory of.
9 (RLIN) 91421
700 1# - ADDED ENTRY--PERSONAL NAME
Personal name Yolton, John W.
942 ## - ADDED ENTRY ELEMENTS (KOHA)
Source of classification or shelving scheme Dewey Decimal Classification
Koha item type Books
Holdings
Lost status Source of classification or shelving scheme Damaged status Not for loan Collection code Permanent Location Current Location Shelving location Date acquired Source of acquisition Cost, normal purchase price Total Checkouts Full call number Date last seen Copy number Koha item type Date checked out
  Dewey Decimal Classification     Non-fiction Central Library, University of Rajshahi Central Library, University of Rajshahi Reading Room 29/10/1965 Zeitlinger 25.00   192 LOE V-1 1961 08/04/2014 C-1 Books  
  Dewey Decimal Classification     Non-fiction Central Library, University of Rajshahi Central Library, University of Rajshahi   29/10/1965 Zeitlinger 25.00 1 192 LOE V-1 1961 02/04/2019 C-2 Books 27/03/2019